Statistics for Countries with lowest Average Neighbour Size

Click here to take the quiz!

General Stats

  • This quiz has been taken 51 times
  • The average score is 15 of 20

Answer Stats

Avg AreaCountry% Correct
27,750 Dominican Republic
93%
48,671 Haiti
93%
53,337 Croatia
88%
39,159 Kosovo
88%
75,064 Serbia
88%
74,173 Macedonia
85%
47,160 Montenegro
83%
133,707 Slovenia
83%
45,601 Albania
80%
110,691 El Salvador
80%
52,922 Bosnia and Herzegovina
78%
102,895 Costa Rica
78%
86,768 Honduras
76%
131,028 Italy
76%
81,796 Nicaragua
76%
120,538 South Korea
73%
117,637 Austria
61%
62,578 Liechtenstein
54%
102,975 Lebanon
49%
141,715 Germany
44%

Score Distribution

Percentile by Number Answered

Percent of People with Each Score

Your Score History

You have not taken this quiz